000 00518nam a2200181Ia 4500
005 20250508151905.0
008 008 250505s9999 xx 000 0 eng d
037 _aBooks to be hide in OPAC
040 _aFEDL
_beng
_cFEDL
041 _aeng
_2eng
084 _a155.4, KAR/O
_qFEDL
100 _aKarve Bhaskar Dhondo
_9760302
245 0 _aBaal-avlokan (Marathi)
260 _aMumbai, India
_bKeshav Bhikaji Dhawle
_c1949
300 _a55p.
942 _cHB
_h155.4, KAR/O
999 _c1332749
_d1332749